| 000 | 00872nam a2200301Ia 4500 | ||
|---|---|---|---|
| 001 | 56241 | ||
| 005 | 20230410130419.0 | ||
| 008 | 060215s1998 mx 000 0 spa d | ||
| 035 | _a(OCoLC)ocm63813121 | ||
| 040 |
_aUXS _cUXS |
||
| 020 | _a9706330054 | ||
| 020 | _a9789706330055 | ||
| 035 | _a(OCoLC)63813121 | ||
| 082 | 0 | 4 |
_a808.5 _bP7P3 1998 _221 |
| 049 | _aGRAL | ||
| 050 | 1 | 4 | _aP948p 1998 |
| 100 | 1 | _aPrieto Castillo, Daniel. | |
| 245 | 1 | 3 |
_aLa pasión por el discurso : _bcartas a los estudiantes de comunicación / _cDaniel Prieto Castillo. |
| 250 | _a2a ed. | ||
| 260 |
_aMéxico : _bEdiciones Coyoacán, _c1998. |
||
| 300 |
_a142 p. ; _c21 cm. |
||
| 440 | 0 |
_aDialogo abierto _pComunicación |
|
| 650 | 0 | 7 |
_aAnálisis del discurso _2lemb |
| 650 | 0 | 7 |
_aComunicación _xEnseñanza _2lemb |
| 942 |
_2lcc _cbk |
||
| 994 |
_aC0 _bDRFGD |
||
| 946 | _aLspaulino | ||
| 999 |
_c74161 _d74161 |
||